Géographie de la population âgée en France (notice n° 1589326)
[ vue normale ]
| 000 -LEADER | |
|---|---|
| fixed length control field | 01983cam a2200169 4500500 |
| 005 - DATE AND TIME OF LATEST TRANSACTION | |
| control field | 20251228064129.0 |
| 041 ## - LANGUAGE CODE | |
| Language code of text/sound track or separate title | fre |
| 042 ## - AUTHENTICATION CODE | |
| Authentication code | dc |
| 100 10 - MAIN ENTRY--PERSONAL NAME | |
| Personal name | Desplanques, Guy |
| Relator term | author |
| 245 00 - TITLE STATEMENT | |
| Title | Géographie de la population âgée en France |
| 260 ## - PUBLICATION, DISTRIBUTION, ETC. | |
| Date of publication, distribution, etc. | 2005.<br/> |
| 500 ## - GENERAL NOTE | |
| General note | 54 |
| 520 ## - SUMMARY, ETC. | |
| Summary, etc. | La population âgée est plus importante dans les régions les plus rurales et dans le Midi de la France. En zone urbaine, c’est surtout dans les banlieues qu’elle est peu représentée. De nombreux facteurs, qui tendent à cumuler leurs effets, expliquent cette localisation. D’une part, la mortalité et la fécondité sont plus faibles dans la partie sud de la France, d’autre part les migrations de personnes âgées se font de préférence des grandes villes vers les zones moins urbanisées et du nord vers le sud. Les couples âgés sont nombreux dans les petites villes, tandis que les personnes âgées qui vivent en grande ville occupent souvent seules leurs logements. C’est dans les petites villes qu’on trouve la plus forte proportion de personnes âgées vivant en collectivité. |
| 520 ## - SUMMARY, ETC. | |
| Summary, etc. | Geography of the Elderly Population in France The elderly population is the largest in the most rural regions and in the south of France. In urban areas, elderly people are most highly represented in the suburbs. This distribution can be ascribed to many factors, which tend to work in combination. Firstly, mortality and fertility are lower in southern France. Secondly, elderly people tend to migrate from large cities to less urbanised areas and from north to south. Elderly couples are numerous in small towns, whereas elderly people living in large cities tend to live alone. The proportion of elderly people living in collective households is highest in small towns. |
| 786 0# - DATA SOURCE ENTRY | |
| Note | Retraite et société | 45 | 2 | 2005-06-01 | p. 23-41 | 1167-4687 |
| 856 41 - ELECTRONIC LOCATION AND ACCESS | |
| Uniform Resource Identifier | <a href="https://shs.cairn.info/revue-retraite-et-societe1-2005-2-page-23?lang=fr&redirect-ssocas=7080">https://shs.cairn.info/revue-retraite-et-societe1-2005-2-page-23?lang=fr&redirect-ssocas=7080</a> |
Pas d'exemplaire disponible.




Réseaux sociaux